Novum veni mecum sacerdotum sive preces matutinae et vespertinae, ante et post missam, aliaeque selectae devotiones sacris indulgentiis ditatae. Accedit benedictionum collectio

Detalles Bibliográficos
Autor principal: Foppiano, Adelelmus
Formato: Libro
Lenguaje:Latin
Publicado: Tornaci-Romae 1900
Edición:Editio revisa et aucta
Materias:
Colección:Banco de datos
Acervo:Biblioteca de la Congregación del Oratorio de San Felipe Neri de México. Iglesia La Profesa
Descripción Física:X, 333 p. 12 cm.
Tema general:Ascética
Notas:Encuadernación en keratol. Sello en tinta de Rafael Bazan y Bravo, presbítero. 1904
LEADER 00884nam a22001930004500
035 |a 338 
041 0 |a lat 
100 1 |a Foppiano, Adelelmus 
245 1 0 |a Novum veni mecum sacerdotum sive preces matutinae et vespertinae, ante et post missam, aliaeque selectae devotiones sacris indulgentiis ditatae. Accedit benedictionum collectio  |c per D. Adelelmum Foppiano O. S. B. 
250 |a Editio revisa et aucta 
260 |a Tornaci-Romae  |b typis Soc. S. Joannis Evang. Desclée, Lefebvre et sociorum  |c 1900  
300 |a X, 333 p.  |c 12 cm. 
500 |a Encuadernación en keratol. Sello en tinta de Rafael Bazan y Bravo, presbítero. 1904 
504 |a Índice de contenido 
650 1 0 |a Ascética 
949 |a Iglesia La Profesa, Biblioteca 436 
942 |c PROFESA 
943 |g Biblioteca de la Congregación del Oratorio de San Felipe Neri de México. Iglesia La Profesa 
999 |c 947149  |d 947149